Otázky a odpovede v krížovkách

Bibliographic Details
Format: Journal
Language:Slovak
PhysicalDescription:zv. 21 cm
Published: Prievidza Subakoprint 2016-
Prievidza Krížovkársky-raj
Bratislava
ISSN:2453-8337
Subjects:

MARC

LEADER 00000cas a2200000 a 4500
001 vtls011472300
003 SK-MaSNL
005 20260228162322.0
008 160212c20169999xo br p 0 b0slo
022 |a 2453-8337 
040 |a SNK  |b slo  |c SNK  |d SVKPO  |e AACR2 
041 0 |a slo 
044 |a xo  |c SK 
072 7 |a 793  |x Spoločenské zábavy  |2 konspekt 
080 |a 793.7  |2 2011 
080 |a 050  |2 2011 
080 |a 379.8(051)  |2 2011 
210 0 |a Otáz. odp.  |b (Prievidza) 
222 0 |a Otázky a odpovede  |b (Prievidza) 
245 0 0 |a Otázky a odpovede v krížovkách 
260 |a Prievidza  |b Subakoprint  |c 2016- 
260 2 |3 1/2018-2/2018  |a Prievidza  |b Krížovkársky-raj 
260 3 |3 3/2018-  |a Bratislava  |b Krížovkársky-raj 
300 |a zv.  |c 21 cm 
310 |a 6x ročne 
362 0 |a Roč. 1, č. 1 (2016)-roč. 6, č. 6 (2021); roč. 1, č. 1 (2023) 
500 |a Evidenčné číslo: EV 5303/15 
500 |a Zodp. red.: 2016-2021, Roman Baťala; 2023-, Erika Dologová 
500 |a Od č. 4 (2016) je uvádzané ISSN 2453-8337 
500 |a Evidenčné číslo: EV 6106/23/PT 
515 |a Od č. 2 (2016) je uvedené ročníkovanie - roč. 1 ... atď. 
515 |a Od č. 1 (2023) je uvedený roč. 1 
515 |a V roku 2022 časopis nevydali 
650 0 7 |a krížovky  |2 SNKPH  |9 3313 
655 7 |a časopisy pre voľný čas  |2 SNKPH  |9 70337 
700 1 |a Baťala, Roman  |4 lso  |9 265591 
700 1 |a Dologová, Erika  |4 lso  |9 270781 
910 |a snk 
910 |a svkpo 
999 |c 7544  |d 9474 
952 |t č. 1-6  |a SNK  |b SNK  |y PREZ  |7 0  |p 17A1522165  |o snkČSC 3972/6/2021  |i snk2023/17424  |8 0  |0 0  |1 0  |4 0  |d 2023-11-29  |l 0  |r 2026-02-21 19:47:38  |w 2026-02-21 
952 |t č. 1-5  |a SNK  |b SNK  |c SNK_KF  |y PREZ  |7 8  |p 17A1558748  |o snkČSC 3972/1/2023  |i snk2026/1040  |8 0  |0 0  |1 0  |4 0  |d 2026-01-22  |l 0  |r 2026-02-21 20:11:09  |w 2026-02-21 
952 |t č. 1-6  |a SNK  |b SNK  |c SNK_KF  |y PREZ  |7 8  |p 17A1558749  |o snkČSC 3972/2/2024  |i snk2026/1043  |8 0  |0 0  |1 0  |4 0  |d 2026-01-22  |l 0  |r 2026-02-21 20:11:09  |w 2026-02-21 
952 |t č. 1-6  |a SNK  |b SNK  |y PREZ  |7 0  |p 17A1433926  |o snkČSC 3972/5/2020  |i snk2021/6904  |8 0  |0 0  |1 0  |4 0  |d 2021-06-14  |l 0  |r 2026-02-21 21:29:21  |w 2026-02-21 
952 |t č. 1-6  |a SNK  |b SNK  |y PREZ  |7 0  |p 17A1366935  |o snkČSC 3972/1/2016  |i snk2019/11882  |8 0  |0 0  |1 0  |4 0  |d 2019-04-25  |l 0  |r 2026-02-21 21:59:38  |w 2026-02-21 
952 |t č. 1-6  |a SNK  |b SNK  |y PREZ  |7 0  |p 17A1366936  |o snkČSC 3972/2/2017  |i snk2019/11887  |8 0  |0 0  |1 0  |4 0  |d 2019-04-25  |l 0  |r 2026-02-21 21:59:38  |w 2026-02-21 
952 |t č. 1-6  |a SNK  |b SNK  |y PREZ  |7 0  |p 17A1366937  |o snkČSC 3972/3/2018  |i snk2019/11888  |8 0  |0 0  |1 0  |4 0  |d 2019-04-25  |l 0  |r 2026-02-21 21:59:38  |w 2026-02-21 
952 |t č. 1-6  |a SNK  |b SNK  |y PREZ  |7 0  |p 17A1387097  |o snkČSC 3972/4/2019  |i snk2020/5770  |8 0  |0 0  |1 0  |4 0  |d 2020-03-05  |l 0  |r 2026-02-21 22:30:08  |w 2026-02-21